000 00710nam a2200241Ia 4500
003 OSt
005 20220926013333.0
006 a|||||r|||| 00| 0
007 ta
008 220923b |||||||| |||| 00| 0 eng d
037 _cGeneral Book
040 _aRTL
_cRTL
_beng
041 _2eng
_aeng
082 _aY:3(S5), L5
100 _aFriedl Ernestine
_9196949
245 0 _aWomen and men
_b An anthropologist's view
260 _aNew York
_bHolt Rinehart and Winston
_c1975
300 _axi,148p
_ccm.
490 _aBasic Anthropology Units
500 _aBibliography : P 143-145; Glossary : P 142
942 _hY:3(S5), L5
_cGB
_2CC
999 _c625755
_d625755